1046 1376 1697 1359 1483 1605 1913 1950 1064 1936 1019 1255 1636 1065 1724 1416 1454 1626 1827 1396 1902 1134 1487 1487 1070 1531 1380 1829 1430 1147 1321 1925 1356 1926 1536 1493 1322 1251 1711 1360 1161 1871 1677 1558 1594 1261 1268 1691 1737 1808 1938 1710 1929 1068 1700 1420 1319 1402 1990 1103 1665 1499 1552 1558 1806 1561 1667 1002 1232 1234 1500 1793 1945 1816 1155 1518 1285 1754 1206 1125 1678 1755 1958 1941 1830 1121 1829 1149 1108 1708 1885 1083 1242 1006 1149 1461 1819 1172 1975 BCNSPRNW ULIB Ver.6.0+V

เปลี่ยนเป็นภาษาไทย

Change to English
 แสดงรายละเอียดบรรณานุกรม
  กลับหน้าหลัก

Brief Record : Get Marc (ISO 2709) : E-mail record : QR code < ปิดหน้าต่าง
LEADER : 00000nam 2200000uu 4500
001    13399112318
003     ULIB
008    110627s2554||||th 000 0 tha d
020    9786160602858
090    นว.^bอ524ส 2554
100 0  อัญชรีย์
245 00 สูตรร้ายหมายใจเธอ/^cอัญชรีย์
250    พิมพ์ครั้งที่ 3
260    กรุงเทพฯ :^bแจ่มใส,^c2554
300    212 หน้า
710 1  แจ่มใส
945    ^p149^l0^i030404
995    ทศพร
999 ^a ใช้งานได้ทุกระบบ
รายการนี้ยังไม่มีแท็ก
คุณยังไม่ได้ล็อกอิน คุณสามารถมีกิจกรรมร่วมกับเว็บไซต์ได้ แต่ต้องล็อกอินก่อน ::
  ล็อกอิน

รายการสื่อสารสนเทศ

ลำดับที่ ประเภท เลขเรียก/บาร์โค้ด สถานที่ สถานะ
- ไม่พบข้อมูล -

รายการใกล้เคียง
    ผู้แต่ง [อัญชรีย์]

BibComment


ยังไม่เคยถูกคอมเมนท์

คอมเมนท์ทรัพยากรรายการนี้
  คอมเมนท์: สูตรร้ายหมายใจเธอ..


 Copyright 2026. Bcnsprnw @Library